[Event "Open Ille et Vilaine 2017"]
[Site "Rennes"]
[Date "2017.07.14"]
[Round "9.1"]
[White "Stephan, Victor"]
[Black "Bailet, Pierre"]
[Result "1/2-1/2"]
[BlackElo "2525"]
[WhiteElo "2352"]
[LiveChessVersion "1.4.8"]

1. d4 {[%clk 1:29:17]} Nf6 {[%clk 1:30:46]} 2. c4 {[%clk 1:29:22]} e6
{[%clk 1:31:01]} 3. Nc3 {[%clk 1:29:44]} Bb4 {[%clk 1:31:20]} 4. Qc2
{[%clk 1:29:46]} O-O {[%clk 1:31:21]} 5. a3 {[%clk 1:30:11]} Bxc3+
{[%clk 1:31:46]} 6. Qxc3 {[%clk 1:30:35]} d6 {[%clk 1:31:59]} 7. Bg5
{[%clk 1:29:06]} Nbd7 {[%clk 1:32:06]} 8. e3 {[%clk 1:29:24]} b6 {[%clk 1:31:57]}
9. Ne2 {[%clk 1:29:36]} Ba6 {[%clk 1:31:16]} 10. Qc2 {[%clk 1:29:23]} c5
{[%clk 1:29:53]} 11. Rd1 {[%clk 1:29:16]} Qc7 {[%clk 1:29:35]} 12. Qa4
{[%clk 1:22:27]} Bb7 {[%clk 1:27:44]} 13. Bxf6 {[%clk 1:20:06]} Nxf6
{[%clk 1:27:20]} 14. Nc3 {[%clk 1:19:36]} d5 {[%clk 1:16:03]} 15. cxd5
{[%clk 1:16:20]} Nxd5 {[%clk 1:14:54]} 16. Nxd5 {[%clk 1:11:52]} Bxd5
{[%clk 1:15:09]} 17. Qc2 {[%clk 1:09:35]} Qb7 {[%clk 1:08:12]} 18. f3
{[%clk 1:05:32]} cxd4 {[%clk 1:05:27]} 19. e4 {[%clk 1:04:23]} Rac8
{[%clk 0:58:36]} 20. Qd3 {[%clk 0:58:32]} Bc4 {[%clk 0:52:59]} 21. Qxd4
{[%clk 0:58:56]} Bxf1 {[%clk 0:53:18]} 22. Rxf1 {[%clk 0:58:32]} Qe7
{[%clk 0:53:19]} 23. Rf2 {[%clk 0:56:51]} Rfd8 {[%clk 0:52:08]} 1/2-1/2

[Event "Open Ille et Vilaine 2017"]
[Site "Rennes"]
[Date "2017.07.14"]
[Round "9.2"]
[White "Wilschut, Peter"]
[Black "Piankov, Evgenij"]
[Result "1/2-1/2"]
[BlackElo "2249"]
[WhiteElo "2259"]
[LiveChessVersion "1.4.8"]

1. c4 {[%clk 1:30:57]} c6 {[%clk 1:30:51]} 2. Nf3 {[%clk 1:31:09]} d5
{[%clk 1:31:09]} 3. cxd5 {[%clk 1:31:08]} cxd5 {[%clk 1:31:35]} 4. d4
{[%clk 1:31:25]} Nc6 {[%clk 1:31:49]} 5. Nc3 {[%clk 1:31:48]} Nf6
{[%clk 1:32:07]} 6. Bf4 {[%clk 1:32:06]} a6 {[%clk 1:32:26]} 7. Rc1
{[%clk 1:31:59]} e6 {[%clk 1:32:42]} 8. e3 {[%clk 1:31:30]} Bd6 {[%clk 1:32:56]}
9. Bg3 {[%clk 1:25:48]} O-O {[%clk 1:21:55]} 10. Bd3 {[%clk 1:24:53]} Qc7
{[%clk 1:08:26]} 11. O-O {[%clk 1:22:28]} Bxg3 {[%clk 1:07:57]} 12. hxg3
{[%clk 1:15:39]} Qd6 {[%clk 1:05:47]} 13. Bb1 b5 14. Ne2 {[%clk 1:11:11]} Bb7
{[%clk 1:05:34]} 15. Nf4 {[%clk 1:04:18]} Rac8 {[%clk 1:01:12]} 16. Nd3
{[%clk 1:04:12]} Ne4 17. Nc5 {[%clk 1:04:24]} Nxc5 {[%clk 0:57:43]} 18. Rxc5
{[%clk 1:01:19]} g6 {[%clk 0:51:13]} 19. Qd2 {[%clk 0:56:59]} Nb8
{[%clk 0:50:07]} 20. Rxc8 {[%clk 0:56:50]} Rxc8 {[%clk 0:50:08]} 21. Ne5
{[%clk 0:49:40]} Nd7 1/2-1/2

[Event "Open Ille et Vilaine 2017"]
[Site "Rennes"]
[Date "2017.07.14"]
[Round "9.3"]
[White "Sauvaget, Franck"]
[Black "Cotonnec, Melkior"]
[Result "0-1"]
[BlackElo "2320"]
[WhiteElo "2065"]
[LiveChessVersion "1.4.8"]

1. d4 {[%clk 1:30:53]} Nf6 {[%clk 1:28:08]} 2. Nf3 {[%clk 1:31:13]} g6
{[%clk 1:28:32]} 3. c4 {[%clk 1:31:36]} Bg7 {[%clk 1:28:52]} 4. Nc3
{[%clk 1:31:59]} d5 {[%clk 1:29:14]} 5. cxd5 {[%clk 1:32:16]} Nxd5
{[%clk 1:29:43]} 6. e4 {[%clk 1:32:38]} Nxc3 {[%clk 1:30:07]} 7. bxc3
{[%clk 1:32:59]} c5 {[%clk 1:30:26]} 8. Be3 {[%clk 1:33:17]} Qa5 {[%clk 1:24:28]}
9. Qd2 {[%clk 1:33:36]} Nc6 {[%clk 1:22:05]} 10. Rc1 {[%clk 1:32:10]} f5
{[%clk 1:18:05]} 11. e5 O-O {[%clk 1:16:47]} 12. Bc4+ {[%clk 1:19:41]} e6
{[%clk 1:09:01]} 13. h4 {[%clk 1:12:14]} f4 {[%clk 0:41:11]} 14. Bxf4
{[%clk 1:12:33]} cxd4 {[%clk 0:41:38]} 15. Nxd4 {[%clk 1:02:49]} Nxe5
{[%clk 0:42:01]} 16. Bb3 {[%clk 1:02:11]} Rxf4 {[%clk 0:41:47]} 0-1

[Event "Open Ille et Vilaine 2017"]
[Site "Rennes"]
[Date "2017.07.14"]
[Round "9.4"]
[White "Durand-Le Ludec, Brendan-Budok"]
[Black "Pellegrini, Thibaud"]
[Result "1-0"]
[BlackElo "1795"]
[WhiteElo "2184"]
[LiveChessVersion "1.4.8"]

1. e4 {[%clk 1:27:43]} c5 {[%clk 1:30:36]} 2. Nf3 {[%clk 1:27:40]} d6
{[%clk 1:30:56]} 3. d4 {[%clk 1:28:03]} cxd4 {[%clk 1:31:15]} 4. Nxd4
{[%clk 1:28:24]} Nf6 {[%clk 1:31:41]} 5. Nc3 {[%clk 1:28:45]} a6 {[%clk 1:31:52]}
6. Be2 {[%clk 1:28:49]} e5 {[%clk 1:31:16]} 7. Nb3 {[%clk 1:29:06]} Be6
{[%clk 1:30:17]} 8. O-O {[%clk 1:28:59]} Be7 {[%clk 1:28:59]} 9. f4
{[%clk 1:28:12]} Qc7 {[%clk 1:23:43]} 10. f5 {[%clk 1:26:37]} Bc4
{[%clk 1:22:24]} 11. Bxc4 {[%clk 1:23:57]} Qxc4 {[%clk 1:21:49]} 12. Be3
{[%clk 1:24:20]} Nxe4 {[%clk 1:10:40]} 13. Qg4 {[%clk 1:23:19]} d5
{[%clk 1:02:29]} 14. Na5 {[%clk 1:18:50]} Qc7 {[%clk 0:56:03]} 15. Nxd5
{[%clk 1:19:08]} Qxa5 {[%clk 0:55:33]} 16. Qxe4 {[%clk 1:19:27]} Nc6
{[%clk 0:50:41]} 17. Kh1 {[%clk 1:15:40]} Rd8 {[%clk 0:46:03]} 18. Rfd1
{[%clk 1:08:36]} Bc5 {[%clk 0:42:16]} 19. b4 {[%clk 1:06:21]} Nxb4
{[%clk 0:36:59]} 20. Bxc5 {[%clk 1:05:30]} Qxc5 {[%clk 0:34:48]} 21. Nxb4 1-0